Ranczo - Statystyki

Ogólne statystyki
  • Ten quiz został rozwiązany 173 razy
  • Średni wynik to 9 z 15
Statystyki odpowiedzi
Hint Odpowiedź % Poprawnych
Drugi wikary (samo imię) Maciej
92%
Pierwszy wikary (samo imię) Robert
88%
Pies Lucy, najpierw Hindus HotDog
80%
Kierowniczka Sklepu Krystyna Więcławska
80%
Imię pierwszego z Japyczów Jan
76%
Dostawca pierogów Maciej Solejuk
71%
Minister Infrastruktury i Budownictwa Andrzej Więcławski
67%
Biskup z Kurii Wacław Sądecki
60%
Chińczyk, przyjaciel Pietrka Kao Tao
58%
Doktor w Wilkowyjach Mieczysław Wezół
57%
Nauczyciel historii, legenda Solidarności Marek Karat
52%
Ostatni chłopak Kingi (samo imię) Jakub
51%
Policjant z Wilkowyj Stanisław Kotecki
49%
Żona policjanta Wioletka Kotecka
41%
Prokurator z Radzynia (samo nazwisko) Zieliński
19%
Nie znaleziono quizów pasujących do podanych kryteriów
Rozkład punktacji
Procent ludzi z każdym wynikiem
Percentyl według liczby udzielonych odpowiedzi
Twoja historia wyników
Nie rozwiązałeś tego quizu